| 000 | 01343cam a2200229 4500500 | ||
|---|---|---|---|
| 005 | 20260222003932.0 | ||
| 041 | _afre | ||
| 042 | _adc | ||
| 100 | 1 | 0 |
_ade Vathaire, Jean-Baptiste _eauthor |
| 245 | 0 | 0 | _aUne tentative d’utilisation souveraine, sobre et responsable de l’IA, au service des auteurs et des publications : SophIA, chez Cairn.info |
| 260 | _c2026. | ||
| 500 | _a88 | ||
| 520 | _aPour favoriser la visibilité des publications de ses auteurs, et déjouer leur captation, face à la déferlante des agents conversationnels, Cairn.info a mis en œuvre un moteur de recherche en langage naturel à base d’intelligence artificielle. Le R.A.G. SophIA, projet soutenu par le Centre national du Livre, est le premier service issu de ces efforts. Dès le printemps 2026, il sera ouvert à l’ensemble des disciplines et à tous les internautes membres des institutions souscrivant aux bouquets de publications que diffuse Cairn.info. | ||
| 690 | _aCairn.info | ||
| 690 | _adiffusion scientifique | ||
| 690 | _aIA | ||
| 690 | _aLLM | ||
| 690 | _amoteur de recherche | ||
| 690 | _aR.A.G. | ||
| 786 | 0 | _nI2D - Information, données & documents | 2 | 2 | 2026-01-21 | p. 72-79 | 2428-2111 | |
| 856 | 4 | 1 | _uhttps://shs.cairn.info/revue-i2d-information-donnees-documents-2025-2-page-72?lang=fr&redirect-ssocas=7080 |
| 999 |
_c1667863 _d1667863 |
||